The Mystery of the gold pen / (Record no. 14366)
[ view plain ]
| 000 -LEADER | |
|---|---|
| fixed length control field | 00499cam a22001812 4500 |
| 001 - CONTROL NUMBER | |
| control field | 0000008342 |
| 005 - DATE AND TIME OF LATEST TRANSACTION | |
| control field | 20151217160115.0 |
| 008 - FIXED-LENGTH DATA ELEMENTS--GENERAL INFORMATION | |
| fixed length control field | 080315s xx 000 0 eng d |
| 020 ## - INTERNATIONAL STANDARD BOOK NUMBER | |
| International Standard Book Number | 067362921x : |
| Terms of availability | KES |
| 040 ## - CATALOGING SOURCE | |
| Original cataloging agency | KABU |
| Transcribing agency | KABU |
| 100 1# - MAIN ENTRY--PERSONAL NAME | |
| Personal name | Gabriel, Nat. |
| -- | 0000158909 |
| 245 14 - TITLE STATEMENT | |
| Title | The Mystery of the gold pen / |
| Statement of responsibility, etc. | Nat Gabriel. |
| 260 ## - PUBLICATION, DISTRIBUTION, ETC. (IMPRINT) | |
| Place of publication, distribution, etc. | New York : |
| Name of publisher, distributor, etc. | Scott Foresman, |
| Date of publication, distribution, etc. | n.d. |
| 300 ## - PHYSICAL DESCRIPTION | |
| Extent | 24 p. |
| 908 ## - PUT COMMAND PARAMETER (RLIN) | |
| Put command parameter | 080315 |
| 950 ## - LOCAL HOLDINGS (RLIN) | |
| -- | 1 |
| Withdrawn status | Lost status | Source of classification or shelving scheme | Not for loan | Home library | Current library | Date acquired | Total Checkouts | Full call number | Barcode | Date last seen | Price effective from | Koha item type |
|---|---|---|---|---|---|---|---|---|---|---|---|---|
| Library of Congress Classification | Kabarak, Main Campus | Kabarak, Main Campus | 17/12/2015 | PZ7 .G33M97 | 33826 | 17/12/2015 | 17/12/2015 | Children Collection |